00853 2200325 4500001002100000005001500021035002500036008004100061020002200102040001700124082001400141084001600155100001900171245007800190250001100268260003700279300002500316650001700341850001200358007000300370090002000373090002100393999002100414700000800435700000900443990001800452990001800470990001800488990002100506INLIS00000000001466920200625100507 a0010-101500000000403151006s2015 yoi g | ind d a978-602-288-168-1 aYOPDYOGbind04223a495.7 a495.7 SYA b0 aSyamsul Arifin 0aBelajar bahasa Korea /cSyamsul Arifin; penyunting, Ola; ilustrator, Imas aCet. 13 aYogyakarta :bBuku Pintar,c2015 a264 halaman ;c20 cm 4aBahasa Korea aYOPDYOGta aDEP 495.7 SYA b aCB-D.11 2015-649 aCB-D.11/2015-6490 aOla0 aImas a25666-PD/B.15 a25667-PD/B.15 a25668-PD/B.15 aCB-D.11/2015-649